[Event "Europa ch Femenino 2013"]
[Site "Belgrado SER"]
[Date "2013.08.03"]
[Round "11.2"]
[White "Kashlinskaya, Alina"]
[Black "Goryachkina, Aleksandra"]
[Result "1-0"]
[WhiteElo "2334"]
[BlackElo "2401"]
[PlyCount "104"]
[EventDate "2013.07.23"]
[EventType "swiss"]
[EventRounds "11"]
[EventCountry "SER"]
[Source "lmi"]
[SourceDate "2013.07.22"]

1. d4 d5 2. c4 c6 3. Nc3 Nf6 4. Nf3 dxc4 5. a4 Bf5 6. e3 e6 7. Bxc4 Bb4 8. O-O
O-O 9. Qe2 Bg6 10. Ne5 Nbd7 11. Nxg6 hxg6 12. Rd1 Qa5 13. Na2 Be7 14. Bd2 Qh5
15. Qxh5 gxh5 16. Nc3 Bb4 17. a5 c5 18. dxc5 Bxc5 19. Be2 Rab8 20. Nb5 a6 21.
Na3 Ne4 22. Be1 Ndf6 23. b4 Be7 24. f3 Nd6 25. e4 Nfe8 26. Bf2 Nc7 27. Bc5 Rfd8
28. Rac1 Nce8 29. Nc4 Bg5 30. Be3 Bxe3+ 31. Nxe3 Rdc8 32. e5 Nb5 33. Bxb5 axb5
34. h4 Kf8 35. g4 g6 36. Kf2 hxg4 37. fxg4 Ke7 38. h5 gxh5 39. gxh5 f6 40. Ng4
fxe5 41. Nxe5 Nf6 42. h6 Rxc1 43. Rxc1 Ra8 44. Kf3 Nd5 45. Ng6+ Kf7 46. Rg1 Nf6
47. Ne5+ Ke7 48. Rg7+ Kd6 49. Nf7+ Ke7 50. Ng5+ Kd6 51. h7 Rf8 52. h8=Q Kd5 1-0

[Event "Europa ch Femenino 2013"]
[Site "Belgrado SER"]
[Date "2013.08.03"]
[Round "11.3"]
[White "Milliet, Sophie"]
[Black "Voicu-Jagodzinsky, Carmen"]
[Result "1-0"]
[WhiteElo "2396"]
[BlackElo "2296"]
[PlyCount "73"]
[EventDate "2013.07.23"]
[EventType "swiss"]
[EventRounds "11"]
[EventCountry "SER"]
[Source "lmi"]
[SourceDate "2013.07.22"]

1. e4 c5 2. Nf3 e6 3. d4 cxd4 4. Nxd4 a6 5. Nc3 Qc7 6. Bd3 Nf6 7. f4 d6 8. Qf3
b5 9. Bd2 Bb7 10. O-O Nbd7 11. b4 g6 12. Qh3 e5 13. Nf3 Bg7 14. fxe5 dxe5 15.
a4 bxa4 16. Rxa4 O-O 17. Kh1 Nb6 18. Ra5 Nh5 19. Ne2 Rad8 20. Bg5 f6 21. Qe6+
Kh8 22. Be3 Rd6 23. Qb3 f5 24. Ng5 Rdf6 25. Ne6 Qc6 26. Nxf8 fxe4 27. Rxf6 Qxf6
28. Bxa6 Qf1+ 29. Bg1 Bxa6 30. Rxa6 Nf4 31. Nxf4 Qxa6 32. N8xg6+ hxg6 33. Qh3+
Kg8 34. Qe6+ Kh7 35. Qxg6+ Kh8 36. Nh5 Bf8 37. Nf6 1-0

[Event "Europa ch Femenino 2013"]
[Site "Belgrado SER"]
[Date "2013.08.03"]
[Round "11.4"]
[White "Schut, Lisa"]
[Black "Arakhamia-Grant, Ketevan"]
[Result "0-1"]
[WhiteElo "2277"]
[BlackElo "2385"]
[PlyCount "68"]
[EventDate "2013.07.23"]
[EventType "swiss"]
[EventRounds "11"]
[EventCountry "SER"]
[Source "lmi"]
[SourceDate "2013.07.22"]

1. e4 c5 2. Nf3 Nc6 3. d4 cxd4 4. Nxd4 e5 5. Nb5 a6 6. N5c3 Bc5 7. Bc4 Nf6 8.
O-O h6 9. Be3 d6 10. Nd2 O-O 11. Qf3 Bxe3 12. fxe3 Be6 13. Rf2 Rc8 14. Nd5 Bxd5
15. exd5 Ne7 16. Raf1 Nh7 17. Qh3 f5 18. g4 Ng5 19. Qg2 Qb6 20. h4 Nh7 21. Qg3
f4 22. exf4 Rxf4 23. Kg2 Rcxc4 24. Nxc4 Rxc4 25. g5 hxg5 26. hxg5 Qd4 27. b3
Rc3 28. Rf3 Qxd5 29. g6 Nf6 30. Kg1 Qd4+ 31. Kg2 Rxc2+ 32. Kh1 Qe4 33. Qh3 Nxg6
34. Kg1 Nf4 0-1

[Event "Europa ch Femenino 2013"]
[Site "Belgrado SER"]
[Date "2013.08.03"]
[Round "11.5"]
[White "Dzagnidze, Nana"]
[Black "Ziaziulkina, Nastassia"]
[Result "1-0"]
[WhiteElo "2558"]
[BlackElo "2321"]
[PlyCount "91"]
[EventDate "2013.07.23"]
[EventType "swiss"]
[EventRounds "11"]
[EventCountry "SER"]
[Source "lmi"]
[SourceDate "2013.07.22"]

1. c4 c6 2. Nf3 d5 3. e3 e6 4. b3 Nf6 5. Bb2 Nbd7 6. Nc3 Bd6 7. Be2 O-O 8. O-O
Qe7 9. Qc2 b6 10. cxd5 cxd5 11. Nb5 Ba6 12. Rfc1 Rfc8 13. Qd1 Bxb5 14. Bxb5 Ba3
15. Bxa3 Qxa3 16. d4 a6 17. Bd3 b5 18. Rc2 Rxc2 19. Qxc2 Qf8 20. a4 Rc8 21. Qd2
Ne4 22. Qa5 bxa4 23. Qxa4 Ndf6 24. Bxa6 Rc2 25. Bd3 Rc3 26. Ne5 g6 27. b4 Qc8
28. Qd1 Nd7 29. Nxd7 Qxd7 30. b5 Qc7 31. Bxe4 dxe4 32. Rb1 Rd3 33. Qa4 Rc3 34.
Qa1 Rc2 35. b6 Qb7 36. Qa7 Rc7 37. Qa5 Rc6 38. h4 Rd6 39. h5 gxh5 40. Qc5 Rd7
41. Ra1 Rd5 42. Qc7 Rd7 43. Ra8+ Kg7 44. Qe5+ f6 45. Qg3+ Kh6 46. Rg8 1-0

[Event "Europa ch Femenino 2013"]
[Site "Belgrado SER"]
[Date "2013.08.03"]
[Round "11.6"]
[White "Lomineishvili, Maia"]
[Black "Lagno, Kateryna"]
[Result "0-1"]
[WhiteElo "2351"]
[BlackElo "2542"]
[PlyCount "80"]
[EventDate "2013.07.23"]
[EventType "swiss"]
[EventRounds "11"]
[EventCountry "SER"]
[Source "lmi"]
[SourceDate "2013.07.22"]

1. d4 Nf6 2. c4 g6 3. Nf3 Bg7 4. g3 c5 5. d5 b5 6. cxb5 a6 7. bxa6 d6 8. Bg2
O-O 9. Nc3 Nbd7 10. O-O Nb6 11. e4 Bxa6 12. Re1 Ng4 13. Rb1 Nc4 14. h3 Nge5 15.
Nxe5 Nxe5 16. Bf1 Qa5 17. Kg2 Rfb8 18. Qc2 Bxf1+ 19. Rxf1 Nc4 20. Bg5 h6 21.
Bd2 Qb4 22. Rfe1 Nxd2 23. a3 Qa5 24. Qxd2 Rxb2 25. Qxb2 Bxc3 26. Qe2 Bxe1 27.
Rxe1 Qxa3 28. Rb1 Qc3 29. Rb7 Qe5 30. Rb3 Ra4 31. Re3 Qd4 32. Qb5 Ra8 33. Qc6
Rb8 34. Qd7 Qe5 35. h4 Kg7 36. Re2 Rb4 37. f3 Rb1 38. Rf2 Qc3 39. Qxe7 Qe1 40.
g4 Qg1+ 0-1

[Event "Europa ch Femenino 2013"]
[Site "Belgrado SER"]
[Date "2013.08.03"]
[Round "11.7"]
[White "Cosma, Elena-Luminita"]
[Black "Zhukova, Natalia"]
[Result "0-1"]
[WhiteElo "2329"]
[BlackElo "2471"]
[PlyCount "80"]
[EventDate "2013.07.23"]
[EventType "swiss"]
[EventRounds "11"]
[EventCountry "SER"]
[Source "lmi"]
[SourceDate "2013.07.22"]

1. Nf3 c5 2. c4 Nc6 3. g3 e5 4. d3 Nge7 5. Nc3 d6 6. Bg2 g6 7. Bg5 Bg7 8. Nd5
h6 9. Bf6 Bxf6 10. Nxf6+ Kf8 11. Nd2 Kg7 12. Nde4 Be6 13. O-O d5 14. cxd5 Nxd5
15. Nxd5 Bxd5 16. a3 Re8 17. Rc1 b6 18. Nc3 Bxg2 19. Kxg2 Qd7 20. h3 Rad8 21.
Kh2 Qe6 22. Qa4 Rd4 23. b4 cxb4 24. Nb5 bxa3 25. Nxd4 Nxd4 26. Qxa3 Nxe2 27.
Rc7 Nd4 28. Qa4 Nf3+ 29. Kg2 Nd2 30. Rd1 Qd5+ 31. Kg1 Nf3+ 32. Kf1 Nd4 33. Kg1
Re6 34. Qxa7 Rf6 35. Qb7 Ne2+ 36. Kf1 Nxg3+ 37. Ke1 Qa5+ 38. Rd2 Nf1 39. Rcc2
Nxd2 40. Rxd2 Rxf2 0-1

[Event "Europa ch Femenino 2013"]
[Site "Belgrado SER"]
[Date "2013.08.03"]
[Round "11.8"]
[White "Purtseladze, Maka"]
[Black "Paehtz, Elisabeth"]
[Result "0-1"]
[WhiteElo "2349"]
[BlackElo "2454"]
[PlyCount "102"]
[EventDate "2013.07.23"]
[EventType "swiss"]
[EventRounds "11"]
[EventCountry "SER"]
[Source "lmi"]
[SourceDate "2013.07.22"]

1. Nf3 Nf6 2. b3 g6 3. Bb2 Bg7 4. g3 d6 5. d4 c6 6. Bg2 O-O 7. O-O Qc7 8. c4
Re8 9. Nc3 e5 10. e4 Bg4 11. d5 Na6 12. h3 Bd7 13. Re1 Bh6 14. dxc6 bxc6 15.
Ba3 Bf8 16. b4 Be6 17. Bf1 Qb7 18. Rb1 Nc7 19. b5 c5 20. Bc1 h6 21. a4 a5 22.
Qc2 Bc8 23. Nd5 Nd7 24. Nxc7 Qxc7 25. Rd1 Nb6 26. Ne1 Be6 27. h4 h5 28. Ng2 Kh7
29. Ra1 Red8 30. f4 exf4 31. gxf4 Bg7 32. Ra3 f5 33. exf5 Bxf5 34. Bd3 Rf8 35.
Bb2 Nxc4 36. Bxf5 Rxf5 37. Qxc4 Bxb2 38. Rb3 d5 39. Rxd5 Rxd5 40. Qxd5 Bd4+ 41.
Kh1 Rd8 42. b6 Qe7 43. Qc6 Qf7 44. Rb5 Qc4 45. Qf3 Qc1+ 46. Kh2 Qg1+ 47. Kh3
Bf2 48. Rb1 Qxb1 49. Qxf2 Qh1+ 50. Kg3 Rd3+ 51. Ne3 Qe4 0-1

[Event "Europa ch Femenino 2013"]
[Site "Belgrado SER"]
[Date "2013.08.03"]
[Round "11.9"]
[White "Khurtsidze, Nino"]
[Black "Kochetkova, Julia"]
[Result "1/2-1/2"]
[WhiteElo "2443"]
[BlackElo "2328"]
[PlyCount "109"]
[EventDate "2013.07.23"]
[EventType "swiss"]
[EventRounds "11"]
[EventCountry "SER"]
[Source "lmi"]
[SourceDate "2013.07.22"]

1. d4 d5 2. c4 e6 3. Nc3 Nf6 4. cxd5 exd5 5. Bg5 Be7 6. e3 c6 7. Bd3 Nbd7 8.
Qc2 O-O 9. Nf3 Re8 10. h3 Nf8 11. Bf4 Ng6 12. Bh2 Bd6 13. Bxd6 Qxd6 14. O-O-O
Be6 15. Kb1 Rac8 16. Rc1 b6 17. Rhd1 c5 18. dxc5 bxc5 19. Ka1 Red8 20. g4 d4
21. Bf5 Ne5 22. Nb5 Qd5 23. Bxe6 Qxe6 24. Nxe5 Qxe5 25. exd4 Qb8 26. Qa4 cxd4
27. Rxc8 Qxc8 28. Nxd4 h6 29. Nf5 Rxd1+ 30. Qxd1 Qc5 31. Qe1 Qc2 32. Ne3 Qe4
33. Qd1 Qf4 34. Qc2 Qh2 35. a3 Qxh3 36. Qc8+ Kh7 37. Qb7 Kg6 38. Ka2 Qh2 39.
Qxa7 Qxf2 40. Qd4 Kh7 41. a4 g6 42. Qe5 Qf3 43. Qd4 Qf2 44. a5 Nxg4 45. a6 Nxe3
46. a7 Qf3 47. Qd8 Nc2 48. Qb8 h5 49. Qb3 Qf1 50. Qb7 Qc4+ 51. b3 Qc3 52. Kb1
Na3+ 53. Ka2 Nc2 54. Kb1 Na3+ 55. Ka2 1/2-1/2

[Event "Europa ch Femenino 2013"]
[Site "Belgrado SER"]
[Date "2013.08.03"]
[Round "11.10"]
[White "Ivakhinova, Inna"]
[Black "Bodnaruk, Anastasia"]
[Result "0-1"]
[WhiteElo "2291"]
[BlackElo "2440"]
[PlyCount "64"]
[EventDate "2013.07.23"]
[EventType "swiss"]
[EventRounds "11"]
[EventCountry "SER"]
[Source "lmi"]
[SourceDate "2013.07.22"]

1. d4 Nf6 2. c4 e6 3. Nf3 Bb4+ 4. Nbd2 b6 5. a3 Bxd2+ 6. Qxd2 Bb7 7. e3 Ne4 8.
Qc2 O-O 9. Be2 f5 10. O-O a5 11. b3 d6 12. Bb2 Nd7 13. Rfd1 Rf6 14. d5 Rh6 15.
dxe6 Ndc5 16. Rd5 Nxe6 17. Rxf5 Qe8 18. Bd3 N6c5 19. b4 axb4 20. axb4 Rxa1+ 21.
Bxa1 Nxd3 22. Qxd3 Qa4 23. Qb1 Rg6 24. Rf4 Qc6 25. Qd3 Ng5 26. Kf1 Ne6 27. b5
Qe8 28. Rf5 Qa8 29. Qc3 Be4 30. Nh4 Bxf5 31. Nxf5 Qxg2+ 32. Ke1 Qg1+ 0-1

[Event "Europa ch Femenino 2013"]
[Site "Belgrado SER"]
[Date "2013.08.03"]
[Round "11.11"]
[White "Matnadze, Ana"]
[Black "Charochkina, Daria"]
[Result "1-0"]
[WhiteElo "2412"]
[BlackElo "2326"]
[PlyCount "191"]
[EventDate "2013.07.23"]
[EventType "swiss"]
[EventRounds "11"]
[EventCountry "SER"]
[Source "lmi"]
[SourceDate "2013.07.22"]

1. d4 d5 2. g3 Nf6 3. Bg2 c5 4. c4 dxc4 5. d5 Na6 6. Nc3 Nc7 7. Bf4 g6 8. Qa4+
Nd7 9. Be5 f6 10. Bxc7 Qxc7 11. Rd1 Qb6 12. Qxc4 Ne5 13. Qa4+ Bd7 14. Qc2 Bg7
15. Nf3 Nc4 16. b3 Nd6 17. O-O Rc8 18. Nd2 O-O 19. Rc1 f5 20. Nd1 Qa6 21. Re1
Nb5 22. Nc4 Nd4 23. Qd2 b5 24. Na5 b4 25. Nc4 Nb5 26. e3 Nc3 27. Rc2 Bb5 28.
Qd3 Nxa2 29. e4 fxe4 30. Qxe4 Nc3 31. Nxc3 Bxc3 32. Rd1 Qf6 33. f4 Bd7 34. Ra2
Bf5 35. Qe2 Rc7 36. Ne5 Bc8 37. h4 Qb6 38. Kh2 Qf6 39. Nc6 a6 40. Ra5 Qd6 41.
Ne5 Qb6 42. Nc4 Qf6 43. d6 exd6 44. Nxd6 Bd4 45. Nxc8 Rcxc8 46. Rxa6 Qg7 47.
Re6 Rcd8 48. Qc4 Kh8 49. Rde1 Rf7 50. R1e2 Rdf8 51. Bd5 Qh6 52. Qd3 Rf5 53. Bf3
Qg7 54. Kg2 Qa7 55. Ra6 Qg7 56. Rae6 Qa7 57. Qc4 Qa1 58. Re1 Qc3 59. Bd5 Qd2+
60. R1e2 Qd1 61. Re1 Qd2+ 62. R6e2 Qc3 63. Rc1 Qxc4 64. Bxc4 h6 65. Re7 Bf6 66.
Rd7 Rd8 67. Rcd1 Rxd7 68. Rxd7 Bg7 69. Rc7 g5 70. hxg5 hxg5 71. Be6 Rf8 72.
fxg5 Re8 73. Bc4 Bf8 74. Rf7 Bg7 75. Rc7 Bf8 76. Kf3 Re5 77. g6 Re7 78. Rc8 Kg7
79. g4 Re1 80. Bd3 Re5 81. Rc7+ Re7 82. Rc6 Re8 83. Be4 Re7 84. Rc8 Re5 85.
Rc7+ Re7 86. Rc6 Rd7 87. Bf5 Re7 88. Bd3 Rd7 89. Ke2 Re7+ 90. Kd2 Rd7 91. Kc2
Re7 92. Ra6 Re3 93. Ra1 Rf3 94. Ra7+ Kh6 95. Rh7+ Kg5 96. g7 1-0

[Event "Europa ch Femenino 2013"]
[Site "Belgrado SER"]
[Date "2013.08.03"]
[Round "11.1"]
[White "Gaponenko, Inna"]
[Black "Srebrnic, Ana"]
[Result "1-0"]
[WhiteElo "2393"]
[BlackElo "2203"]
[PlyCount "159"]
[EventDate "2013.07.23"]
[EventType "swiss"]
[EventRounds "11"]
[EventCountry "SER"]
[Source "lmi"]
[SourceDate "2013.07.22"]

1. e4 e5 2. Nf3 Nf6 3. Nxe5 d6 4. Nf3 Nxe4 5. d4 d5 6. Bd3 Be7 7. O-O Nd6 8.
Re1 O-O 9. Bf4 Be6 10. c3 Re8 11. Qc2 h6 12. Nbd2 Nd7 13. Nf1 Nf8 14. Ng3 f6
15. h3 Qd7 16. b3 g5 17. Bd2 Bf7 18. c4 Ne6 19. c5 Nc8 20. Bf5 Bf8 21. Re2 Qc6
22. Bh7+ Kh8 23. Bg6 Qd7 24. Rae1 Ng7 25. Rxe8 Nxe8 26. Nh5 Bg7 27. g4 Kg8 28.
Bxf7+ Qxf7 29. h4 Ne7 30. Kg2 f5 31. Nxg7 Qxg7 32. gxf5 gxh4+ 33. Kh3 Qf6 34.
Nxh4 Ng7 35. Re5 Rf8 36. Qd1 Nexf5 37. Nxf5 Nxf5 38. Qg4+ Ng7 39. Be3 c6 40. b4
a6 41. a4 Kh7 42. b5 axb5 43. axb5 Nf5 44. Qf4 Qg6 45. Qg4 Qf6 46. Bc1 Rf7 47.
b6 Ng7 48. Be3 Nf5 49. Bc1 Ng7 50. Be3 Nf5 51. Bd2 Ng7 52. Be1 Nf5 53. Bd2 Ng7
54. Be1 Nf5 55. Kh2 Ng7 56. f3 Nf5 57. Bf2 Rf8 58. Qh3 Rf7 59. Qg4 Rf8 60. Qf4
Rf7 61. Re8 Qg6 62. Qg4 Qxg4 63. fxg4 Ng7 64. Re2 h5 65. Kh3 Kg6 66. Bg3 hxg4+
67. Kxg4 Nf5 68. Re6+ Rf6 69. Re8 Rf7 70. Be5 Ne3+ 71. Kg3 Nf5+ 72. Kg2 Nh4+
73. Kh3 Nf3 74. Bh8 Nd2 75. Kg4 Nb3 76. Rb8 Nd2 77. Rg8+ Kh7 78. Rb8 Nc4 79.
Kg5 Ne3 80. Bf6 1-0

[Event "Europa ch Femenino 2013"]
[Site "Belgrado SER"]
[Date "2013.08.03"]
[Round "11.2"]
[White "Galojan, Lilit"]
[Black "Daulyte, Deimante"]
[Result "0-1"]
[WhiteElo "2320"]
[BlackElo "2363"]
[PlyCount "66"]
[EventDate "2013.07.23"]
[EventType "swiss"]
[EventRounds "11"]
[EventCountry "SER"]
[Source "lmi"]
[SourceDate "2013.07.22"]

1. d4 Nf6 2. Bg5 Ne4 3. Bf4 d5 4. e3 c5 5. c3 Nc6 6. Bd3 cxd4 7. exd4 Bf5 8.
Ne2 e6 9. O-O Be7 10. Ng3 Nxg3 11. Bxg3 Bxd3 12. Qxd3 O-O 13. Nd2 a6 14. a4 Bd6
15. Bxd6 Qxd6 16. a5 e5 17. dxe5 Nxe5 18. Qg3 f5 19. Ra4 Rae8 20. Qf4 Qd7 21.
Rd4 Qb5 22. Rb4 Qd7 23. Rd4 Qf7 24. Rd1 Nc6 25. Rd3 Nxa5 26. Nf3 Re4 27. Qc1
Qg6 28. h3 Qb6 29. Rxd5 Re2 30. Nd4 Nb3 31. Qf4 Nxd4 32. R1xd4 Qxb2 33. Rxf5
Qb1+ 0-1

[Event "Europa ch Femenino 2013"]
[Site "Belgrado SER"]
[Date "2013.08.03"]
[Round "11.3"]
[White "Molchanova, Tatjana"]
[Black "Peptan, Corina-Isabela"]
[Result "0-1"]
[WhiteElo "2296"]
[BlackElo "2439"]
[PlyCount "110"]
[EventDate "2013.07.23"]
[EventType "swiss"]
[EventRounds "11"]
[EventCountry "SER"]
[Source "lmi"]
[SourceDate "2013.07.22"]

1. d4 d5 2. c4 dxc4 3. e3 Nf6 4. Bxc4 e6 5. Nf3 c5 6. O-O Nc6 7. Qe2 a6 8. a4
cxd4 9. Rd1 Be7 10. exd4 O-O 11. Nc3 Nb4 12. Bg5 Nbd5 13. Ne5 Nxc3 14. bxc3 Nd5
15. Bxe7 Qxe7 16. Ng6 hxg6 17. Bxd5 Qc7 18. Be4 Bd7 19. Qf3 Rab8 20. d5 Rfc8
21. dxe6 Bxe6 22. h4 b6 23. Rd4 Rd8 24. h5 gxh5 25. Qxh5 Qxc3 26. Rdd1 Qf6 27.
Qh7+ Kf8 28. Qh8+ Ke7 29. Qh2 Rbc8 30. Rac1 Rc5 31. Bf3 Qh6 32. Qxh6 gxh6 33.
Be2 Bb3 34. Re1 Rxc1 35. Rxc1 Bxa4 36. Bxa6 b5 37. Kh2 Rd6 38. Bc8 b4 39. Bf5
Rb6 40. Rc7+ Kf6 41. Bb1 b3 42. g4 Bc6 43. f4 Bd5 44. g5+ hxg5 45. fxg5+ Ke5
46. Kg3 Rc6 47. Re7+ Kd4 48. Re2 Rc3+ 49. Kh4 Re3 50. Rd2+ Kc4 51. Kg4 Re1 52.
Bh7 Be4 53. Bg8 Bg6 54. Rd7 b2 55. Rxf7 b1=Q 0-1

[Event "Europa ch Femenino 2013"]
[Site "Belgrado SER"]
[Date "2013.08.03"]
[Round "11.4"]
[White "Rakic, Marija"]
[Black "Vega Gutierrez, Sabrina"]
[Result "0-1"]
[WhiteElo "2294"]
[BlackElo "2402"]
[PlyCount "78"]
[EventDate "2013.07.23"]
[EventType "swiss"]
[EventRounds "11"]
[EventCountry "SER"]
[Source "lmi"]
[SourceDate "2013.07.22"]

1. d4 d5 2. c4 dxc4 3. e3 e5 4. Bxc4 exd4 5. exd4 Bd6 6. Nf3 Nf6 7. O-O O-O 8.
Bg5 h6 9. Bh4 Nc6 10. Bb5 Bg4 11. Bxc6 bxc6 12. Nbd2 Bf4 13. h3 Bh5 14. g4 Bg6
15. Nc4 Be4 16. Nfe5 Re8 17. Re1 g5 18. Bg3 Bxg3 19. fxg3 Qd5 20. Rf1 Re6 21.
Qd2 Rd8 22. Rad1 c5 23. Qa5 cxd4 24. Qxc7 Rf8 25. Rf2 Ne8 26. Qxa7 Rxe5 27.
Nxe5 Qxe5 28. Kh2 d3 29. Qe3 Qd5 30. h4 Nd6 31. b3 f6 32. Rdf1 Kg7 33. Qb6 Qe5
34. Kh3 Bd5 35. Qc7+ Rf7 36. Qb8 gxh4 37. Rf4 d2 38. Qb4 Qe2 39. R4f2 Qxf2 0-1

[Event "Europa ch Femenino 2013"]
[Site "Belgrado SER"]
[Date "2013.08.03"]
[Round "11.5"]
[White "Zawadzka, Jolanta"]
[Black "Zakurdjaeva, Irina"]
[Result "1-0"]
[WhiteElo "2393"]
[BlackElo "2291"]
[PlyCount "83"]
[EventDate "2013.07.23"]
[EventType "swiss"]
[EventRounds "11"]
[EventCountry "SER"]
[Source "lmi"]
[SourceDate "2013.07.22"]

1. e4 c5 2. Nf3 d6 3. d4 cxd4 4. Nxd4 Nf6 5. Nc3 g6 6. Be3 Bg7 7. f3 Nc6 8. Qd2
O-O 9. O-O-O d5 10. exd5 Nxd5 11. Nxc6 bxc6 12. Bd4 Bxd4 13. Qxd4 Qb6 14. Na4
Qa5 15. b3 Bf5 16. g4 Rad8 17. gxf5 Nb4 18. Qc5 Qxc5 19. Nxc5 Nxa2+ 20. Kb2
Rxd1 21. Kxa2 Rfd8 22. fxg6 hxg6 23. Kb2 Kg7 24. f4 R8d4 25. Nd3 c5 26. Kc3 a5
27. Bg2 Rxh1 28. Bxh1 Kf6 29. Bg2 a4 30. Nxc5 a3 31. b4 a2 32. Nb3 Rxf4 33. b5
Ra4 34. b6 a1=Q+ 35. Nxa1 Rxa1 36. b7 Rb1 37. Bd5 Rb6 38. Kd4 g5 39. Kc5 Rxb7
40. Bxb7 Ke5 41. c4 f5 42. Kb6 1-0

[Event "Europa ch Femenino 2013"]
[Site "Belgrado SER"]
[Date "2013.08.03"]
[Round "11.6"]
[White "Ovod, Evgenija"]
[Black "Styazhkina, Anna"]
[Result "1-0"]
[WhiteElo "2386"]
[BlackElo "2242"]
[PlyCount "81"]
[EventDate "2013.07.23"]
[EventType "swiss"]
[EventRounds "11"]
[EventCountry "SER"]
[Source "lmi"]
[SourceDate "2013.07.22"]

1. d4 d5 2. c4 c6 3. Nf3 Nf6 4. Nc3 dxc4 5. a4 Bf5 6. e3 e6 7. Bxc4 Bb4 8. O-O
O-O 9. Nh4 Nbd7 10. f3 Bg6 11. Nxg6 hxg6 12. e4 e5 13. Be3 Qa5 14. Ne2 Rad8 15.
Qc2 exd4 16. Nxd4 Rfe8 17. Nb3 Qe5 18. a5 c5 19. Nc1 Qc7 20. a6 Ne5 21. axb7
Qxb7 22. Ba6 Qb8 23. Nd3 Nxd3 24. Bxd3 a5 25. Bc4 Nd7 26. Bg5 Rc8 27. f4 Nb6
28. Bb5 Re6 29. f5 gxf5 30. exf5 Re5 31. Bf4 c4 32. f6 Nd5 33. Bxc4 Nxf4 34.
Rxf4 Rg5 35. Raf1 g6 36. h4 Bc5+ 37. Kh1 Rg3 38. Kh2 Bd6 39. Kxg3 Kf8 40. Kg4
Rc5 41. Re4 1-0

[Event "Europa ch Femenino 2013"]
[Site "Belgrado SER"]
[Date "2013.08.03"]
[Round "11.31"]
[White "Melamed, Tatjana"]
[Black "Chelushkina, Irina"]
[Result "1/2-1/2"]
[WhiteElo "2384"]
[BlackElo "2265"]
[PlyCount "214"]
[EventDate "2013.07.23"]
[EventType "swiss"]
[EventRounds "11"]
[EventCountry "SER"]
[Source "lmi"]
[SourceDate "2013.07.22"]

1. e4 e6 2. d4 d5 3. Nd2 c5 4. exd5 exd5 5. Ngf3 Nc6 6. Bb5 Qe7+ 7. Be2 Qc7 8.
O-O Nf6 9. Bb5 Be6 10. Nb3 c4 11. Nc5 Bxc5 12. dxc5 O-O 13. b3 Ne4 14. bxc4
dxc4 15. Qe1 Bd5 16. Be3 Rfe8 17. Rd1 Rad8 18. Nd4 a6 19. Bxc6 bxc6 20. f3 Nxc5
21. Qf2 Na4 22. Rfe1 f6 23. Qh4 Nc3 24. Ra1 Bf7 25. Nf5 Be6 26. Nd4 Bf7 27. Nf5
Nd5 28. Bf2 Qd7 29. Qg4 Rxe1+ 30. Rxe1 Bg6 31. Nd4 Qxg4 32. fxg4 Rc8 33. h4 c5
34. Nf5 Bxf5 35. gxf5 Nb4 36. Re4 c3 37. Bxc5 Nxc2 38. Rc4 Ne3 39. Rxc3 Nxf5
40. h5 Kf7 41. Kf2 Nd6 42. Kf3 Nb5 43. Rc4 Rc6 44. g4 f5 45. gxf5 Nd6 46. Rc1
Nxf5 47. Kg4 Nh6+ 48. Kg5 Rf6 49. Be3 Rf3 50. Bf4 Rf2 51. Rc7+ Ke6 52. Rc6+ Kd5
53. Rd6+ Kc5 54. Be3+ Kxd6 55. Bxf2 Ke5 56. Bc5 Nf7+ 57. Kg4 Kd5 58. Bf8 g6 59.
hxg6 hxg6 60. Bb4 Kd4 61. Kf4 Kc4 62. a3 Kb5 63. Be7 a5 64. Ke4 Kc4 65. Kf4 a4
66. Bf8 Kb3 67. Be7 Kc4 68. Bb4 Kd4 69. Be7 Kd5 70. Bb4 Ke6 71. Bf8 g5+ 72. Ke4
Nd6+ 73. Kf3 Nc4 74. Kg4 Kf6 75. Bc5 Ne5+ 76. Kg3 Kf5 77. Bd6 Nc4 78. Bb4 g4
79. Bc5 Nd2 80. Bf8 Ne4+ 81. Kg2 Kg5 82. Bg7 Kh4 83. Be5 Kh5 84. Bf4 Kg6 85.
Be5 Kf5 86. Bc7 Ke6 87. Bf4 Kd5 88. Bh6 Kd4 89. Bf4 Kc3 90. Bh6 Nd6 91. Bf8 Nf5
92. Kf2 Kd3 93. Bc5 Kc4 94. Bf8 Kd4 95. Bb4 Ke4 96. Kg2 Ke5 97. Ba5 Ke4 98. Bb4
Kd3 99. Bf8 Kc4 100. Kf2 Kb3 101. Kg2 Nd4 102. Kg3 Nb5 103. Kxg4 Nxa3 104. Kf3
Nc2 105. Ke2 Nb4 106. Kd2 a3 107. Bxb4 Kxb4 1/2-1/2

[Event "Europa ch Femenino 2013"]
[Site "Belgrado SER"]
[Date "2013.08.03"]
[Round "11.32"]
[White "Umudova, Nargiz"]
[Black "Shadrina, Tatiana"]
[Result "0-1"]
[WhiteElo "2253"]
[BlackElo "2377"]
[PlyCount "62"]
[EventDate "2013.07.23"]
[EventType "swiss"]
[EventRounds "11"]
[EventCountry "SER"]
[Source "lmi"]
[SourceDate "2013.07.22"]

1. e4 c5 2. Nf3 d6 3. d4 cxd4 4. Nxd4 Nf6 5. Nc3 a6 6. Be2 e5 7. Nb3 Be7 8. O-O
O-O 9. f4 b6 10. Bf3 b5 11. a4 b4 12. Nd5 Nxd5 13. exd5 Nd7 14. a5 Bf6 15. f5
Bg5 16. Qd3 Bxc1 17. Rfxc1 Qg5 18. Qd2 Qxf5 19. Qxb4 Qg6 20. c4 e4 21. Be2 f5
22. Kh1 f4 23. Qc3 Ne5 24. Rf1 f3 25. gxf3 exf3 26. Bxf3 Bh3 27. Rg1 Rxf3 28.
Rxg6 Rxc3 29. bxc3 hxg6 30. c5 Rb8 31. cxd6 Rxb3 0-1

[Event "Europa ch Femenino 2013"]
[Site "Belgrado SER"]
[Date "2013.08.03"]
[Round "11.33"]
[White "Kursova, Maria"]
[Black "Balaian, Alina"]
[Result "1/2-1/2"]
[WhiteElo "2351"]
[BlackElo "2237"]
[PlyCount "157"]
[EventDate "2013.07.23"]
[EventType "swiss"]
[EventRounds "11"]
[EventCountry "SER"]
[Source "lmi"]
[SourceDate "2013.07.22"]

1. d4 Nf6 2. Nf3 g6 3. c4 Bg7 4. g3 O-O 5. Bg2 d5 6. cxd5 Nxd5 7. O-O Nb6 8.
Nc3 Nc6 9. e3 Re8 10. h3 a5 11. d5 Nb4 12. e4 c6 13. a3 Na6 14. Be3 Nc4 15. Qe2
Nxe3 16. Qxe3 Bxc3 17. bxc3 cxd5 18. Qh6 f6 19. Rad1 e5 20. exd5 Nc5 21. Nd2
Ra6 22. Qe3 b6 23. Nc4 Ra7 24. d6 e4 25. Qd4 Ba6 26. Rb1 Rd7 27. Rfd1 Bxc4 28.
Qxc4+ Kf8 29. Qb5 Rxd6 30. Rxd6 Qxd6 31. Qxb6 Qxb6 32. Rxb6 f5 33. Rb5 Rc8 34.
Rxa5 Nd3 35. g4 Rxc3 36. gxf5 Rc1+ 37. Kh2 Nxf2 38. Kg3 Rc2 39. f6 Kf7 40. Ra6
Rd2 41. h4 e3 42. Bf3 h5 43. Rb6 Nd1 44. Rb1 e2 45. Bxe2 Rxe2 46. Rxd1 Re3+ 47.
Kf4 Rxa3 48. Rd6 Ra4+ 49. Kg3 Rg4+ 50. Kh3 Rf4 51. Rd3 Kxf6 52. Ra3 Re4 53. Kg3
Kf5 54. Ra5+ Re5 55. Ra3 Rd5 56. Rf3+ Ke5 57. Re3+ Kd6 58. Ra3 Ke6 59. Re3+ Re5
60. Ra3 Kd5 61. Ra5+ Ke4 62. Ra4+ Kf5 63. Rf4+ Ke6 64. Rf3 Re4 65. Ra3 Kf5 66.
Ra5+ Re5 67. Ra3 Rc5 68. Rf3+ Ke5 69. Re3+ Kd5 70. Ra3 Ke4 71. Ra4+ Ke5 72. Ra3
Rc6 73. Ra5+ Ke4 74. Ra4+ Kf5 75. Ra5+ Kf6 76. Ra3 Rc5 77. Rf3+ Ke6 78. Re3+
Kd6 79. Rd3+ 1/2-1/2

[Event "Europa ch Femenino 2013"]
[Site "Belgrado SER"]
[Date "2013.08.03"]
[Round "11.34"]
[White "Ibrahimova, Sabina"]
[Black "Gvetadze, Sofio"]
[Result "1-0"]
[WhiteElo "2168"]
[BlackElo "2341"]
[PlyCount "55"]
[EventDate "2013.07.23"]
[EventType "swiss"]
[EventRounds "11"]
[EventCountry "SER"]
[Source "lmi"]
[SourceDate "2013.07.22"]

1. e4 c5 2. Nf3 Nc6 3. d4 cxd4 4. Nxd4 Nf6 5. Nc3 g6 6. Nxc6 bxc6 7. e5 Ng8 8.
Bc4 Qa5 9. O-O Qxe5 10. Re1 Qc7 11. Qd4 f6 12. Ne4 Bg7 13. Bxg8 Rxg8 14. Nd6+
Kd8 15. Rxe7 Qb6 16. Qc4 Kxe7 17. Qxg8 Qd4 18. Nxc8+ Rxc8 19. Qxg7+ Kd8 20. Bg5
Kc7 21. Qxf6 Qd5 22. Bf4+ Kb7 23. Qd6 Qf5 24. Rd1 Qxc2 25. Qxd7+ Kb6 26. Be3+
c5 27. Rd6+ Ka5 28. Bd2+ 1-0